An Introduction To Metallurgy / (Record no. 565590)

000 -LEADER
fixed length control field 00359nam a2200133Ia 4500
008 - FIXED-LENGTH DATA ELEMENTS--GENERAL INFORMATION
fixed length control field 210430s9999 xx 000 0 und d
020 ## - INTERNATIONAL STANDARD BOOK NUMBER
International Standard Book Number 978-0713120448
082 ## - DEWEY DECIMAL CLASSIFICATION NUMBER
Classification number 669 C8431A
100 ## - MAIN ENTRY--PERSONAL NAME
Personal name Cottrell A.H.
9 (RLIN) 54826
245 #3 - TITLE STATEMENT
Title An Introduction To Metallurgy /
Statement of responsibility, etc. Cottrell A.H.
260 ## - PUBLICATION, DISTRIBUTION, ETC.
Place of publication, distribution, etc. London
Date of publication, distribution, etc. 1971
Name of publisher, distributor, etc. Edward Arnold
300 ## - PHYSICAL DESCRIPTION
Extent 548p.
942 ## - ADDED ENTRY ELEMENTS (KOHA)
Koha item type Book
Source of classification or shelving scheme
Holdings
Withdrawn status Lost status Damaged status Not for loan Permanent Location Current Location Shelving location Date acquired Total Checkouts Full call number Barcode Date last seen Price effective from Koha item type
        School of Chemical & Materials Engineering (SCME) School of Chemical & Materials Engineering (SCME) Book Cart 01/16/2012   669 C8431A SCME- D87 04/30/2021 04/30/2021 Book
© 2023 Central Library, National University of Sciences and Technology. All Rights Reserved.